Learning to be literate : the development of spoken and written language /

Literacy; Explanations of Spoken Language Development; Social interaction and the development of language; ...

Spremljeno u:
Bibliografski detalji
Glavni autor: Garton, Alison F., 1950-
Daljnji autori: Pratt, Chris.
Format: Knjiga
Jezik:English
Izdano: Oxford, UK ; New York, NY : Blackwell, 1998.
Teme:
Oznake: Dodaj oznaku
Bez oznaka, Budi prvi tko označuje ovaj zapis!
Thư viện lưu trữ: Mạng thư viện Đại học Đà Nẵng
LEADER 01244cam a2200409 i 4500
001 000047853
003 7547
005 20030312140935.0
008 010326|1998 vm 000 eng
020 |a 0631193170 
040 |a IRC  |c IRC  |d IRC 
041 0 |a eng 
082 1 4 |a 401.9  |b GA-A 
100 1 |a Garton, Alison F.,  |d 1950- 
245 0 0 |a Learning to be literate :  |b the development of spoken and written language /  |c Alison Garton and Chris Pratt. 
260 |a Oxford, UK ; New York, NY :  |b Blackwell,  |c 1998. 
300 |a 300p. :  |b ill. ;  |c 23cm. 
520 3 |a Literacy; Explanations of Spoken Language Development; Social interaction and the development of language; ... 
630 0 4 |a Literacy. 
630 0 4 |a Written communication. 
630 0 4 |a Language acquisition. 
630 0 4 |a Children language. 
650 0 4 |a Children  |x Language. 
650 0 4 |a Literacy. 
650 0 4 |a Language acquisition. 
650 0 4 |a Written communication  |x Study and teaching. 
700 1 |a Pratt, Chris. 
OWN |a DUT 
999 |a From the UDN01 
TYP |a Monograph 
TYP |a Printed language 
980 |a Mạng thư viện Đại học Đà Nẵng